| 000 | 00398 a2200145 4500 | ||
|---|---|---|---|
| 005 | 20250613082058.0 | ||
| 020 | _a978-1-473-60784-2 | ||
| 082 | _a658.15 MAS | ||
| 100 | _aMASON, R | ||
| 245 | _aFinance for Non-Financial Managers in a Week: Understanding Finance in Seven Simple Steps | ||
| 250 | _a9th Ed | ||
| 260 |
_aLondon _bHodder Education _c2016 |
||
| 300 |
_a123p. _c20 cm |
||
| 942 |
_2ddc _cBKS |
||
| 999 |
_c3671 _d3671 |
||